Central Library OPAC University of Rajshahi

Cultural consequences of population change in Bangladesh / (Record no. 57918)

MARC details
000 -LEADER
fixed length control field 00832nam a2200253 a 4500
001 - CONTROL NUMBER
control field 57918
003 - CONTROL NUMBER IDENTIFIER
rucl marc code BD-RjUL
005 - DATE AND TIME OF LATEST TRANSACTION
control field 20211209080550.0
008 - FIXED-LENGTH DATA ELEMENTS--GENERAL INFORMATION
fixed length control field 161212s1977 bg b b 000 0 eng
020 ## - INTERNATIONAL STANDARD BOOK NUMBER
Terms of availability Tk35.00 ($5.00 U.S.)
035 ## - SYSTEM CONTROL NUMBER
System control number (BD-RjUL)58042
040 ## - CATALOGING SOURCE
Original cataloging agency DLC
Transcribing agency DLC
Modifying agency BD-RjUL
Language of cataloging eng
041 ## - LANGUAGE CODE
Language code of text/sound track or separate title eng
082 00 - DEWEY DECIMAL CLASSIFICATION NUMBER
Classification number 304.62095492
Edition number 23
Author mark and year DUC 1977
100 2# - MAIN ENTRY--PERSONAL NAME
Personal name Badrud Duza, M.
9 (RLIN) 172022
245 10 - TITLE STATEMENT
Title Cultural consequences of population change in Bangladesh /
Statement of responsibility, etc. M. Badrud Duza.
260 ## - PUBLICATION, DISTRIBUTION, ETC. (IMPRINT)
Place of publication, distribution, etc. Dacca :
Name of publisher, distributor, etc. Asfia Duza : distributor, Ali Publications,
Date of publication, distribution, etc. 1977
300 ## - PHYSICAL DESCRIPTION
Pagination xv, 160 p. :
Illustrations ill, ;
Size 22 cm.
504 ## - BIBLIOGRAPHY, ETC. NOTE
Bibliography, etc Bibliography: p. [139]-160.
651 #0 - SUBJECT ADDED ENTRY--GEOGRAPHIC NAME
Geographic name Bangladesh
General subdivision Population
-- Social aspects.
9 (RLIN) 172023
Geographic name Bangladesh
General subdivision Population policy
-- Social aspects.
9 (RLIN) 172024
942 ## - ADDED ENTRY ELEMENTS (KOHA)
Source of classification or shelving scheme Dewey Decimal Classification
Koha item type Books
Holdings
Lost status Source of classification or shelving scheme Damaged status Not for loan Collection code Permanent Location Current Location Shelving location Date acquired Source of acquisition Cost, normal purchase price Total Checkouts Full call number Date last seen Copy number Koha item type
  Dewey Decimal Classification   Not For Loan Non-fiction Central Library, University of Rajshahi Central Library, University of Rajshahi Reading Room 15/03/1980 Swets & zeitlinger 21.00   304.62095492 DUC 1977 12/12/2016 C-1 Books